00405nam a2200133Ia 4500008004100000100001900041245005500060245001800115260002100133260000900154300003400163440005800197650001600255190509s9999 xx 000 0 und d aDrevitch, Gary aEccentric's corner: he knows what you really need/ cGary Drevitch bSussex Publisher c2018 aPages 26-28, July/August 2018 aPsychology Today: Turning Pointsv1/2/1900 3:04:00 AM apersonality